La Función pública española en la doctrina científica / José Luis Meylan Gil
Descripción Física:
101 p. ; 22 cm
Colección:
Colección estudios administrativos ; 16
Materias:
Funció pública -- Espanya
MARC
| LEADER | 00000nam a2200000Ia 4500 | ||
|---|---|---|---|
| 001 | 13829 | ||
| 008 | 160829s1962 xx 000 0 cat d | ||
| 080 | |a M-4-43 | ||
| 100 | |a Meylán Gil, José Luis |9 25122 | ||
| 245 | |a La Función pública española en la doctrina científica / José Luis Meylan Gil | ||
| 260 | |a Madrid : |b Imp. Nacional del Boletín Oficial del Estado, |c 1962 | ||
| 300 | |a 101 p. ; |c 22 cm | ||
| 490 | |a Colección estudios administrativos ; 16 | ||
| 590 | |a Bibliografia | ||
| 650 | 0 | |a Funció pública |z Espanya |9 11103 | |
| 901 | |a Arxiu | ||
| 942 | |n 1 | ||
| 952 | |0 0 |1 0 |4 0 |6 M443 |7 1 |9 43457 |a Arxiu |b Arxiu |d 2016-12-01 |l 0 |o M-4-43 |p 13829 |r 2016-12-01 00:00:00 |w 2016-12-01 |y ARXIU | ||
| 999 | |c 46003 |d 46003 | ||